000
00290nam a22001337a 4500
008
180316b xxu||||| |||| 00| 0 eng d
020
_a
9781457637797
041
_a
eng
080
_a
371
100
_a
25
101
_a
EDU
245
_a
A Pocket Style Manual
_c
Hacker, D
942
_2
udc
_c
BK
999
_c
45239
_d
45239